| 000 | 00399nam a2200157Ia 4500 | ||
|---|---|---|---|
| 008 | 230917s9999||||xx |||||||||||||| ||und|| | ||
| 040 |
_e66262 _aMAIN |
||
| 041 | _aEnglish | ||
| 082 | _a150 B268P | ||
| 100 | _aBaron, Robert A | ||
| 245 | 0 | _aPsychology: Understanding behaviour | |
| 250 | _a2nd ed. | ||
| 260 |
_aNew York _bHolt, Rinchart and Winston _c1980 |
||
| 300 | _axv, 770 p. | ||
| 942 | _cBK | ||
| 999 |
_c52232 _d52232 |
||